Gentilé des pays du monde à la terminaison particulière - Statistiques

Statistiques générales
  • Ce quiz a été pris 25 fois
  • Le résultat moyen est 8 sur 12
Statistiques - réponses
Gentilé % Correct
Grec
75%
Turc
75%
Allemand
71%
Espagnol
71%
Kazakh
71%
Ouzbek
71%
Émirati
67%
Kosovar
67%
Mongol
63%
Tadjik
63%
Qatari
58%
Bahreïni
29%
Aucun quiz correspondant
Distribution des résultats
% des personnes avec chaque résultat
Percentile par nombre de réponses
Votre historique - résultats
Vous n’avez pas pris ce quiz